[Event "ROM-ch (Women)"]
[Site "Eforie Nord"]
[Date "2024.03.02"]
[Round "9"]
[White "Iordache, Alexia Andreea"]
[Black "Paraschiv, Petronela Alexandra"]
[Result "1/2-1/2"]
[WhiteElo "1774"]
[BlackElo "1875"]
[PlyCount "140"]
[EventDate "2024.02.24"]
[EventType "swiss"]
[EventRounds "9"]
[EventCountry "ROU"]
[SourceTitle "CB10_2024"]
[SourceDate "2024.03.06"]
[SourceVersion "1"]
[SourceVersionDate "2024.03.06"]
[SourceQuality "1"]

1. Nf3 Nf6 2. g3 b5 3. Bg2 Bb7 4. d3 c5 5. 0-0 e6 6. e4 d6 7. Nbd2 Be7 8. a4 a6 9. Re1 0-0 10. Nf1 Nbd7 11. N3d2 Qc7 12. Ne3 Nb6 13. a5 Nc8 14. f4 Na7 15. g4 d5 16. e5 Nd7 17. g5 c4 18. d4 c3 19. bxc3 Qxc3 20. Nb3 Rfc8 21. Bd2 Qc7 22. Qh5 Nf8 23. Bf1 Bc6 24. Bd3 b4 25. Bxa6 Rcb8 26. Rf1 Nb5 27. Bxb5 Bxb5 28. Rf2 Be8 29. Qg4 Kh8 30. h4 g6 31. Rh2 Bd8 32. Kf2 Qe7 33. h5 Ra7 34. Qe2 Bb5 35. Qe1 Bc4 36. Ra4 Bxb3 37. cxb3 Bxa5 38. Nc2 Qc7 39. Nxb4 Bb6 40. Qe3 Rxa4 41. bxa4 Qc4 42. Kg3 Bxd4 43. Qe2 Qb3+ 44. Nd3 Qxa4 45. hxg6 fxg6 46. Be3 Rb3 47. Kg4 Qc4 48. Bxd4 Qxd4 49. Rh3 Ra3 50. Qc2 Qc3 51. Qxc3 Rxc3 52. Nf2 Rc2 53. Nd3 Nd7 54. Nb4 Rc4 55. Rb3 Nxe5+ 56. Kg3 Nf7 57. Nd3 Kg7 58. Kf3 Rc7 59. Rb6 Re7 60. Nc5 Nd8 61. Rd6 Rc7 62. Nxe6+ Nxe6 63. Rxe6 Rc3+ 64. Ke2 Rc4 65. Ke3 Kf7 66. Rd6 Re4+ 67. Kf3 Rd4 68. Rd7+ Kg8 69. Rd8+ Kf7 70. Rd7+ Kg8 1/2-1/2

[Event "ROM-chT Rapid (Women)"]
[Site "Sebes"]
[Date "2023.12.02"]
[Round "1.2"]
[White "Chicarosie, Ioana Bianca"]
[Black "Paraschiv, Petronela Alexandra"]
[Result "0-1"]
[WhiteElo "1705"]
[BlackElo "1875"]
[PlyCount "137"]
[EventDate "2023.12.02"]
[EventType "team-tourn (rapid)"]
[EventRounds "7"]
[EventCountry "ROU"]
[SourceTitle "CB49_2023"]
[SourceDate "2023.12.06"]
[SourceVersion "1"]
[SourceVersionDate "2023.12.06"]
[SourceQuality "1"]
[WhiteTeam "Bucharest CSU  (W)"]
[BlackTeam "Timisoara (W)"]
[WhiteTeamCountry "ROU"]
[BlackTeamCountry "ROU"]

1. d4 Nf6 2. Nf3 e6 3. e3 c5 4. Be2 Nc6 5. 0-0 d5 6. dxc5 Bxc5 7. c4 0-0 8. Nc3 dxc4 9. Bxc4 a6 10. a3 b5 11. Ba2 Qc7 12. Qe2 Bb6 13. Rd1 Bb7 14. h3 h6 15. e4 Ne7 16. e5 Nfd5 17. Ne4 Ng6 18. Nd6 Ndf4 19. Bxf4 Nxf4 20. Qd2 Nxh3+ 21. gxh3 Bxf3 22. Rdc1 Qe7 23. Qf4 Qg5+ 24. Qxg5 hxg5 25. Rc3 g4 26. hxg4 Bxg4 27. Rg3 Bh5 28. Rh3 Bg6 29. Kg2 Rfd8 30. Bb1 Bxb1 31. Rxb1 Kf8 32. Rf3 f5 33. Rh1 Ke7 34. Rh7 Rg8 35. Rg3 Kf8 36. Rg6 Bd4 37. Rxe6 Bxb2 38. Rf6+ Ke7 39. Nxf5+ Kd8 40. Rd6+ Kc7 41. f4 Rae8 42. Rg6 Bxe5 43. fxe5 Rxe5 44. Nxg7 Re7 45. Ne6+ Kd6 46. Rxg8 Rxh7 47. Ng5 Re7 48. Rg6+ Kc5 49. Kg3 Re3+ 50. Kf4 Rxa3 51. Ne4+ Kb4 52. Rb6 Ra1 53. Ke3 Re1+ 54. Kd3 Rd1+ 55. Kc2 Rd4 56. Nd2 a5 57. Rc6 a4 58. Nb1 Rh4 59. Re6 Rh2+ 60. Nd2 Ka5 61. Re5 a3 62. Re8 Rh3 63. Nb1 Kb4 64. Re4+ Kc5 65. Nc3 b4 66. Ne2 a2 67. Kb2 Ra3 68. Ka1 b3 69. Re5+ 0-1

[Event "ROM-chT (Women)"]
[Site "Oradea"]
[Date "2022.09.26"]
[Round "4.4"]
[White "Bucur, Denisa Andreea"]
[Black "Paraschiv, Petronela Alexandra"]
[Result "1/2-1/2"]
[WhiteElo "1946"]
[BlackElo "1850"]
[PlyCount "70"]
[EventDate "2022.09.23"]
[EventType "team-tourn"]
[EventRounds "7"]
[EventCountry "ROU"]
[SourceTitle "CBM 210 Extra"]
[Source "ChessBase"]
[SourceDate "2022.11.30"]
[SourceVersion "1"]
[SourceVersionDate "2022.11.30"]
[SourceQuality "1"]

1. d4 Nf6 2. Nf3 e6 3. c4 b6 4. Nc3 Bb4 5. Bd2 Bb7 6. e3 Bxc3 7. Bxc3 Ne4 8. Rc1 d6 9. Bd3 Nd7 10. 0-0 0-0 11. b4 Nxc3 12. Rxc3 e5 13. dxe5 Bxf3 14. Qxf3 Nxe5 15. Qe4 Nxd3 16. Rxd3 Qe8 17. Qd5 a5 18. b5 Qe6 19. Qc6 Rac8 20. Rd4 Rfe8 21. Rfd1 h6 22. h3 Qe5 23. Qd7 Qe6 24. Qc6 Re7 25. Qf3 Qe5 26. Rd5 Qe4 27. Qe2 Rce8 28. R5d4 Qe5 29. Qf3 Re6 30. Rf4 R8e7 31. Qa8+ Re8 32. Qf3 R8e7 33. Qa8+ Re8 34. Qf3 R8e7 35. Qa8+ Re8 1/2-1/2

[Event "Arad op 15th"]
[Site "Arad"]
[Date "2022.08.10"]
[Round "4"]
[White "Paraschiv, Petronela Alexandra"]
[Black "Kazarian, Anna Maja"]
[Result "0-1"]
[WhiteElo "1867"]
[BlackElo "2139"]
[PlyCount "174"]
[EventDate "2022.08.08"]
[EventType "swiss"]
[EventRounds "9"]
[EventCountry "ROU"]
[SourceTitle "CBM 209 Extra"]
[Source "ChessBase"]
[SourceDate "2022.09.30"]
[SourceVersion "1"]
[SourceVersionDate "2022.09.30"]
[SourceQuality "1"]

1. e4 e6 2. d4 d5 3. exd5 exd5 4. Nf3 Nf6 5. Bd3 Bg4 6. 0-0 Be7 7. h3 Bh5 8. Bf4 0-0 9. Nbd2 Bd6 10. Bxd6 Qxd6 11. c3 Nbd7 12. Qc2 b6 13. Rfe1 Rfe8 14. a4 c5 15. b3 Bg6 16. Bxg6 hxg6 17. Qd3 Nh5 18. Nf1 Nf4 19. Qd2 Qf6 20. Re3 cxd4 21. cxd4 Rxe3 22. Qxe3 Rc8 23. Re1 Nf8 24. Kh2 Rc2 25. g3 Nd3 26. Re2 Rxe2 27. Qxe2 Nc1 28. Qe3 Qf5 29. Qxc1 Qxf3 30. Qe3 Qxe3 31. Nxe3 Ne6 32. Nc2 Kf8 33. Kg2 Ke7 34. f4 Kd6 35. Kf3 Nd8 36. Ke3 Nc6 37. Kd3 Na5 38. Kc3 Nb7 39. Ne3 Ke6 40. Kb4 Nd6 41. a5 Nf5 42. Nxf5 Kxf5 43. axb6 axb6 44. Kb5 Ke4 45. Kxb6 Kxd4 46. Kc6 Ke4 47. b4 d4 48. b5 d3 49. b6 d2 50. b7 d1Q 51. b8Q Qd5+ 52. Kc7 Kf3 53. Qb2 Kxg3 54. Qxg7 Kxh3 55. Qh6+ Kg4 56. Qh2 Qc4+ 57. Kd7 Qxf4 58. Qe2+ Kg5 59. Ke7 f5 60. Kf7 Qe4 61. Qb5 Qd4 62. Qc6 Qa7+ 63. Ke6 Qa2+ 64. Ke7 Kh6 65. Qc3 Qa7+ 66. Ke6 Qb6+ 67. Ke5 Qb7 68. Qh3+ Kg7 69. Qc3 Qe4+ 70. Kd6+ Kh6 71. Qf6 Kh5 72. Qh8+ Kg4 73. Qa1 f4 74. Qg1+ Kh3 75. Qf1+ Kg3 76. Qg1+ Qg2 77. Qe1+ Qf2 78. Qe5 Qd2+ 79. Kc6 Qc2+ 80. Kd6 Kg4 81. Qe6+ Qf5 82. Qe2+ f3 83. Qf2 Qd3+ 84. Kc5 g5 85. Qg1+ Kf5 86. Qf2 Qe2 87. Qg3 Qe5+ 0-1

[Event "ROM-ch blitz (Women)"]
[Site "Bucharest"]
[Date "2022.03.13"]
[Round "6"]
[White "Paraschiv, Petronela Alexandra"]
[Black "Cosma, Elena Luminita"]
[Result "0-1"]
[WhiteElo "1664"]
[BlackElo "2041"]
[PlyCount "92"]
[EventDate "2022.03.13"]
[EventType "swiss (blitz)"]
[EventRounds "9"]
[EventCountry "ROU"]
[SourceTitle "EXT 2023"]
[Source "ChessBase"]
[SourceDate "2022.10.05"]
[SourceVersion "1"]
[SourceVersionDate "2022.10.05"]
[SourceQuality "1"]

1. c4 e6 2. Nc3 d5 3. cxd5 exd5 4. d4 c6 5. Bf4 Bf5 6. e3 Nf6 7. Nf3 Qb6 8. Qc1 h6 9. h3 Na6 10. a3 Nc7 11. Be2 Ne6 12. Bh2 Be7 13. 0-0 0-0 14. b4 a5 15. Na4 Qd8 16. Nc5 axb4 17. axb4 Rxa1 18. Qxa1 b6 19. Nxe6 Bxe6 20. Qa7 Bxb4 21. Bc7 Qe7 22. Qxb6 Rc8 23. Be5 Nd7 24. Qb7 Nxe5 25. Qxe7 Nxf3+ 26. Bxf3 Bxe7 27. Rb1 c5 28. Rb7 Bf8 29. dxc5 Bxc5 30. Kh2 d4 31. exd4 Bxd4 32. Bg4 Bxg4 33. hxg4 Bxf2 34. Re7 Bc5 35. Re4 Bd6+ 36. Kh3 Rc3+ 37. Kh4 Kh7 38. g5 hxg5+ 39. Kxg5 Rg3+ 40. Kf5 Rxg2 41. Rh4+ Kg8 42. Rd4 Rf2+ 43. Kg5 Be7+ 44. Kg4 Bf6 45. Rd7 g6 46. Ra7 Kg7 0-1

[Event "ROM-ch Rapid (Women)"]
[Site "Bucharest"]
[Date "2022.03.12"]
[Round "4"]
[White "Paraschiv, Petronela Alexandra"]
[Black "Peptan, Corina Isabela"]
[Result "0-1"]
[WhiteElo "1857"]
[BlackElo "2384"]
[PlyCount "62"]
[EventDate "2022.03.11"]
[EventType "swiss (rapid)"]
[EventRounds "9"]
[EventCountry "ROU"]
[SourceTitle "CBM 207 Extra"]
[Source "ChessBase"]
[SourceDate "2022.05.31"]
[SourceVersion "1"]
[SourceVersionDate "2022.05.31"]
[SourceQuality "1"]

1. c4 Nf6 2. Nc3 e5 3. g3 Bb4 4. Bg2 c6 5. Nf3 Qe7 6. 0-0 0-0 7. d4 e4 8. Ng5 d5 9. cxd5 cxd5 10. Qb3 Rd8 11. a3 Bxc3 12. bxc3 Nc6 13. a4 Bg4 14. Re1 Qd7 15. f3 exf3 16. exf3 Bf5 17. f4 Re8 18. Ba3 Rxe1+ 19. Rxe1 Re8 20. Qd1 Na5 21. Bb4 Nc4 22. Nf3 Ne3 23. Qb3 Nxg2 24. Ne5 Nxf4 25. Nxd7 Rxe1+ 26. Kf2 Nd3+ 27. Kg2 Re2+ 28. Kf1 Rf2+ 29. Kg1 Bh3 30. Nxf6+ gxf6 31. Qd1 Rg2+ 0-1

[Event "ROM-chT (Women)"]
[Site "Mamaia"]
[Date "2021.10.07"]
[Round "6.1"]
[White "Lehaci, Miruna Daria"]
[Black "Paraschiv, Petronela Alexandra"]
[Result "1-0"]
[WhiteElo "2265"]
[BlackElo "1871"]
[PlyCount "117"]
[EventDate "2021.10.02"]
[EventType "team-tourn"]
[EventRounds "10"]
[EventCountry "ROU"]
[SourceTitle "CBM 204 Extra"]
[Source "ChessBase"]
[SourceDate "2021.11.30"]
[SourceVersion "1"]
[SourceVersionDate "2021.11.30"]
[SourceQuality "1"]
[WhiteTeam "Bucharest ASE (W)"]
[BlackTeam "Timisoara UVT (W)"]
[WhiteTeamCountry "ROU"]
[BlackTeamCountry "ROU"]

1. e4 d5 2. exd5 c6 3. d4 cxd5 4. c3 Nf6 5. Bd3 Nc6 6. a3 e5 7. dxe5 Nxe5 8. Qe2 Qe7 9. Bc2 Bg4 10. f3 Bd7 11. Bf4 Nc4 12. b3 Na5 13. Qxe7+ Bxe7 14. Ne2 0-0 15. Nd4 Rac8 16. Kd2 g6 17. Kc1 Nh5 18. Bd2 Bd6 19. Kb2 b6 20. a4 Rfe8 21. g3 f5 22. Bd3 Bb8 23. Na3 f4 24. g4 Ng7 25. h4 Ne6 26. Nac2 Rcd8 27. Nxe6 Rxe6 28. Nd4 Re7 29. Rae1 Rde8 30. g5 Nc6 31. Rxe7 Rxe7 32. h5 Nxd4 33. cxd4 Kg7 34. h6+ Kg8 35. Rc1 Bd6 36. Ba6 Rf7 37. Bd3 Be7 38. Rg1 a5 39. Ka2 Kf8 40. Kb2 Kg8 41. Ka2 Kh8 42. Bc1 Bb4 43. Rg2 Kg8 44. Re2 Bd6 45. Ba3 Bxa3 46. Kxa3 Bf5 47. Bb5 Bd7 48. Re5 Bxb5 49. axb5 Rf5 50. Re6 Rxg5 51. Rxb6 Rf5 52. Rc6 Rf8 53. b6 Rb8 54. Rf6 g5 55. Ka4 g4 56. fxg4 f3 57. Kxa5 Rf8 58. Rxf8+ Kxf8 59. b7 1-0

[Event "ROM-chT (Women)"]
[Site "Mamaia"]
[Date "2021.10.04"]
[Round "3.1"]
[White "Paraschiv, Petronela Alexandra"]
[Black "Hejja, Irisz Hanna"]
[Result "1/2-1/2"]
[WhiteElo "1871"]
[BlackElo "1534"]
[PlyCount "102"]
[EventDate "2021.10.02"]
[EventType "team-tourn"]
[EventRounds "10"]
[EventCountry "ROU"]
[SourceTitle "CBM 204 Extra"]
[Source "ChessBase"]
[SourceDate "2021.11.30"]
[SourceVersion "1"]
[SourceVersionDate "2021.11.30"]
[SourceQuality "1"]
[WhiteTeam "Timisoara UVT (W)"]
[BlackTeam "Sighetu Marmatiei (W)"]
[WhiteTeamCountry "ROU"]
[BlackTeamCountry "ROU"]

1. e4 d5 2. exd5 Qxd5 3. Nc3 Qd6 4. d4 c6 5. Nf3 Bg4 6. h3 Bxf3 7. Qxf3 Nf6 8. Be3 e6 9. 0-0-0 Qc7 10. Bc4 Nbd7 11. g4 Nb6 12. Bb3 Nbd5 13. Ne2 b5 14. g5 Nd7 15. Rhe1 N7b6 16. Bf4 Bd6 17. Bxd6 Qxd6 18. Ng3 Qe7 19. Qg4 0-0-0 20. Ne4 a5 21. c3 a4 22. Bxd5 cxd5 23. Nc5 Rd6 24. Re2 Nd7 25. Nd3 Rc6 26. Rc2 Kb7 27. Nb4 Rc7 28. a3 Nb6 29. h4 Qd6 30. Re1 Nc4 31. f4 g6 32. Qf3 Kb6 33. Kb1 Na5 34. Qe3 Nc4 35. Qf2 h5 36. Ka2 Ra8 37. Qf3 Rcc8 38. f5 Rf8 39. fxe6 fxe6 40. Qh3 Rf5 41. Rce2 Re8 42. Qg2 Kc7 43. Qg1 Re7 44. Nd3 Kc6 45. Ne5+ Nxe5 46. Rxe5 Kd7 47. Qg2 Rxe5 48. Rxe5 Rf7 49. Qc2 Rf5 50. Qe2 Qc6 51. Kb1 Rf4 1/2-1/2

[Event "EU-ch (Women) 21st"]
[Site "Iasi"]
[Date "2021.08.20"]
[Round "11"]
[White "Paraschiv, Petronela Alexandra"]
[Black "Andries, Alexia"]
[Result "1-0"]
[WhiteElo "1979"]
[BlackElo "1420"]
[PlyCount "123"]
[EventDate "2021.08.09"]
[EventType "swiss"]
[EventRounds "11"]
[EventCountry "ROU"]
[SourceTitle "CBM 203 Extra"]
[Source "ChessBase"]
[SourceDate "2021.09.30"]
[SourceVersion "1"]
[SourceVersionDate "2021.09.30"]
[SourceQuality "1"]

1. c4 c5 2. Nc3 Nc6 3. g3 g6 4. Bg2 Bg7 5. Rb1 e6 6. e4 Nge7 7. d3 d6 8. Nge2 0-0 9. 0-0 Qc7 10. a3 f5 11. f4 b6 12. Be3 Bb7 13. d4 cxd4 14. Nxd4 Nxd4 15. Bxd4 e5 16. Nb5 Qb8 17. Be3 Rd8 18. Qc2 Bxe4 19. Bxe4 fxe4 20. Rbd1 Kh8 21. Qxe4 Nf5 22. Bc1 a6 23. Nc3 Nd4 24. Ne2 Qc7 25. Nxd4 exd4 26. b3 Qc5 27. f5 Re8 28. Qd3 gxf5 29. Rxf5 Qc6 30. Rf4 Qc5 31. Rh4 h5 32. b4 Qe5 33. Bf4 Qe2 34. Qxe2 Rxe2 35. Rxh5+ Kg8 36. Rd2 Rxd2 37. Bxd2 Re8 38. Kf1 Be5 39. Rf5 Kg7 40. Rf3 Rc8 41. h4 Rxc4 42. h5 Rc8 43. g4 Rh8 44. Ke2 b5 45. Rf5 Re8 46. Kd3 Rc8 47. g5 Rc7 48. Rf1 Bh2 49. Kxd4 Rc2 50. Bc1 Ra2 51. Kd5 Be5 52. Ke6 Rh2 53. Rf7+ Kg8 54. h6 Rh1 55. Bf4 Rg1 56. h7+ Kh8 57. Bxe5+ dxe5 58. Kf6 Rf1+ 59. Kg6 Rxf7 60. Kxf7 e4 61. g6 e3 62. g7+ 1-0

[Event "EU-ch (Women) 21st"]
[Site "Iasi"]
[Date "2021.08.14"]
[Round "6"]
[White "Paraschiv, Petronela Alexandra"]
[Black "Trifoi, Mihaela Ioana"]
[Result "0-1"]
[WhiteElo "1979"]
[BlackElo "1807"]
[PlyCount "74"]
[EventDate "2021.08.09"]
[EventType "swiss"]
[EventRounds "11"]
[EventCountry "ROU"]
[SourceTitle "CBM 203 Extra"]
[Source "ChessBase"]
[SourceDate "2021.09.30"]
[SourceVersion "1"]
[SourceVersionDate "2021.09.30"]
[SourceQuality "1"]

1. d4 d5 2. Nf3 Nf6 3. c4 e6 4. g3 Bb4+ 5. Bd2 Be7 6. Bg2 0-0 7. 0-0 c6 8. Qc2 b6 9. b3 a5 10. Nc3 Ba6 11. Na4 Nbd7 12. Rfe1 b5 13. Nb2 b4 14. Bf4 Nh5 15. e3 Nxf4 16. exf4 Rc8 17. f5 exf5 18. Qxf5 dxc4 19. bxc4 c5 20. Rad1 g6 21. Qe4 Bf6 22. Bh3 Rc7 23. Ne5 Bb7 24. Qc2 cxd4 25. f4 Nxe5 26. fxe5 Bg7 27. Qf2 Re7 28. Rxd4 Qc7 29. Rd2 Rxe5 30. Rxe5 Bxe5 31. Bf1 Bc3 32. Rc2 Rd8 33. Rxc3 bxc3 34. Nd3 Qxc4 35. Nf4 Rd1 36. Ne2 Qe4 37. Qf4 Qh1+ 0-1

[Event "EU-ch (Women) 21st"]
[Site "Iasi"]
[Date "2021.08.09"]
[Round "1"]
[White "Paraschiv, Petronela Alexandra"]
[Black "Beydullayeva, Govhar"]
[Result "0-1"]
[WhiteElo "1979"]
[BlackElo "2282"]
[PlyCount "142"]
[EventDate "2021.08.09"]
[EventType "swiss"]
[EventRounds "11"]
[EventCountry "ROU"]
[SourceTitle "CBM 203 Extra"]
[Source "ChessBase"]
[SourceDate "2021.09.30"]
[SourceVersion "1"]
[SourceVersionDate "2021.09.30"]
[SourceQuality "1"]

1. d4 Nf6 2. Nf3 e6 3. g3 c5 4. c3 Nc6 5. Bg2 d5 6. 0-0 h6 7. Nbd2 Bd6 8. Qc2 cxd4 9. Nxd4 Qb6 10. Nxc6 bxc6 11. c4 Ba6 12. b3 0-0 13. e3 Rac8 14. Re1 e5 15. Bb2 Qd8 16. Bh3 Rb8 17. e4 d4 18. Bxd4 exd4 19. e5 c5 20. exd6 Qxd6 21. Bg2 Rfe8 22. Ne4 Nxe4 23. Rxe4 Rxe4 24. Bxe4 Re8 25. Rd1 Qe5 26. Re1 Kf8 27. Re2 Qh5 28. Bd3 Bc8 29. Rxe8+ Kxe8 30. Be4 Bh3 31. Bg2 Bf5 32. Qd2 Qg5 33. f4 Qe7 34. Kf2 g5 35. Bc6+ Kf8 36. Bd5 g4 37. a3 Be4 38. Bxe4 Qxe4 39. Qe2 Qh1 40. Qxg4 Qxh2+ 41. Kf1 Qh1+ 42. Kf2 Qe4 43. Qc8+ Kg7 44. Qg4+ Kf8 45. Qc8+ Kg7 46. Qg4+ Kh7 47. Qe2 Qb1 48. Qe5 Qc2+ 49. Kf1 Qxb3 50. Qf5+ Kg8 51. Qg4+ Kf8 52. Qc8+ Kg7 53. Qxc5 Qf3+ 54. Ke1 Qxg3+ 55. Kd1 Qg1+ 56. Kd2 Qe3+ 57. Kd1 Qg1+ 58. Kd2 Qf2+ 59. Kd1 Qf1+ 60. Kc2 Qe2+ 61. Kb3 Qd3+ 62. Ka4 Qc2+ 63. Kb4 Qc3+ 64. Ka4 d3 65. Qd5 d2 66. Qg2+ Kf6 67. Qc6+ Kf5 68. Qd7+ Ke4 69. Qb7+ Kd3 70. Qd7+ Kc2 71. Qf5+ Kc1 0-1

[Event "Arad op-B 14th"]
[Site "Arad"]
[Date "2021.07.31"]
[Round "3"]
[White "Paraschiv, Petronela Alexandra"]
[Black "Butusina, Samuel"]
[Result "1-0"]
[WhiteElo "1977"]
[BlackElo "1823"]
[PlyCount "51"]
[EventDate "2021.07.30"]
[EventType "swiss"]
[EventRounds "9"]
[EventCountry "ROU"]
[SourceTitle "EXT 2022"]
[Source "ChessBase"]
[SourceDate "2021.10.06"]
[SourceVersion "1"]
[SourceVersionDate "2021.10.06"]
[SourceQuality "1"]

1. d4 f5 2. Nf3 Nf6 3. c4 e6 4. Nc3 b6 5. h3 Bb7 6. Bf4 Bb4 7. Qb3 a5 8. a3 Bxc3+ 9. Qxc3 0-0 10. e3 Ne4 11. Qc2 g5 12. Bg3 Nxg3 13. fxg3 d6 14. Bd3 Qe7 15. 0-0-0 Nd7 16. Rde1 h5 17. e4 Qf6 18. Qd2 f4 19. h4 g4 20. e5 dxe5 21. Nxe5 Nxe5 22. Rxe5 f3 23. gxf3 Bxf3 24. Rhe1 Rad8 25. Rxe6 Qxd4 26. Qg5+ 1-0

[Event "ROM-ch U20 Girls"]
[Site "Mamaia"]
[Date "2021.04.12"]
[Round "8"]
[White "Paraschiv, Petronela Alexandra"]
[Black "Balan, Briana Cleopatra"]
[Result "0-1"]
[WhiteElo "1982"]
[BlackElo "1771"]
[PlyCount "116"]
[EventDate "2021.04.07"]
[EventType "swiss"]
[EventRounds "9"]
[EventCountry "ROU"]
[SourceTitle "EXT 2022"]
[Source "ChessBase"]
[SourceDate "2021.10.06"]
[SourceVersion "1"]
[SourceVersionDate "2021.10.06"]
[SourceQuality "1"]

1. Nf3 e6 2. b3 d5 3. Bb2 Nf6 4. g3 g6 5. Bg2 Bg7 6. 0-0 0-0 7. d3 c5 8. Nbd2 Nc6 9. Ne5 Nxe5 10. Bxe5 Re8 11. c4 b6 12. Rb1 Bb7 13. b4 cxb4 14. Rxb4 Qe7 15. a3 Rac8 16. Qa1 Nh5 17. Bxg7 Nxg7 18. Qa2 Red8 19. Rfb1 Nf5 20. Qb2 h5 21. a4 dxc4 22. Nxc4 Bxg2 23. Kxg2 Nd4 24. f3 h4 25. Ne3 e5 26. Kf2 Rc5 27. Rc4 Rdc8 28. Qb4 hxg3+ 29. hxg3 Qd6 30. Rh1 Kg7 31. Qe1 Rxc4 32. Nxc4 Qd5 33. g4 Nc2 34. Qc1 Qd4+ 35. Kg2 Nb4 36. Qh6+ Kf6 37. g5+ Ke7 38. Rh4 Qd5 39. Qg7 Nc6 40. Re4 Kd7 41. Nxe5+ Nxe5 42. Rxe5 Qa2 43. Re4 Rc2 44. Qd4+ Kc6 45. Qf6+ Kb7 46. Qe7+ Ka6 47. Qe5 Rc5 48. Qf6 Qd5 49. f4 Rc2 50. Kf3 Rc1 51. Qd4 Qf5 52. Ke3 Qh3+ 53. Kd2 Qf1 54. Re7 Qe1+ 55. Ke3 Qg3+ 56. Ke4 Qg2+ 57. Ke5 Qc6 58. Rd7 Qe6# 0-1

[Event "ROM-ch U20 Girls"]
[Site "Mamaia"]
[Date "2021.04.11"]
[Round "6"]
[White "Paraschiv, Petronela Alexandra"]
[Black "Nistor, Valentina"]
[Result "0-1"]
[WhiteElo "1982"]
[BlackElo "1899"]
[PlyCount "116"]
[EventDate "2021.04.07"]
[EventType "swiss"]
[EventRounds "9"]
[EventCountry "ROU"]
[SourceTitle "EXT 2022"]
[Source "ChessBase"]
[SourceDate "2021.10.06"]
[SourceVersion "1"]
[SourceVersionDate "2021.10.06"]
[SourceQuality "1"]

1. e4 e5 2. Nf3 Nc6 3. d4 exd4 4. Nxd4 Bc5 5. Nb3 Bb6 6. Nc3 Qf6 7. Qe2 Nge7 8. h4 Nd4 9. Nxd4 Bxd4 10. Nd5 Nxd5 11. exd5+ Qe7 12. c3 Bb6 13. Be3 d6 14. Bxb6 axb6 15. Qxe7+ Kxe7 16. Bd3 Re8 17. Kd2 Kf6 18. a3 Re5 19. c4 Bf5 20. Rae1 Rae8 21. Re3 c6 22. Rf3 h5 23. dxc6 bxc6 24. Rhh3 g6 25. Rhg3 d5 26. Rf4 dxc4 27. Bxc4 Re4 28. Rgf3 Rd8+ 29. Kc3 Rxf4 30. Rxf4 b5 31. Be2 Ke5 32. g3 Rd5 33. Rf3 Rc5+ 34. Kb4 Rc2 35. Re3+ Kd4 36. b3 c5+ 37. Ka5 c4 38. Kb4 Rb2 39. a4 bxa4 40. Bxc4 Rxf2 41. Re8 axb3 42. Bxb3 Be4 43. Re7 Bd5 44. Rd7 Rf5 45. Bxd5 Rxd5 46. Rxf7 Rf5 47. Rc7 Ke3 48. Rc6 g5 49. Rc4 Kf3 50. g4 hxg4 51. Rc3+ Kf2 52. Rc2+ Kg1 53. Rc4 g3 54. h5 g2 55. h6 Kh1 56. h7 Rf8 57. Rc3 g1Q 58. Rh3+ Qh2 0-1

[Event "ROM-ch U20 Girls"]
[Site "Mamaia"]
[Date "2021.04.09"]
[Round "3"]
[White "Paraschiv, Petronela Alexandra"]
[Black "Aciu, Malina Andreea"]
[Result "1/2-1/2"]
[WhiteElo "1982"]
[BlackElo "2091"]
[PlyCount "101"]
[EventDate "2021.04.07"]
[EventType "swiss"]
[EventRounds "9"]
[EventCountry "ROU"]
[SourceTitle "EXT 2022"]
[Source "ChessBase"]
[SourceDate "2021.10.06"]
[SourceVersion "1"]
[SourceVersionDate "2021.10.06"]
[SourceQuality "1"]

1. e4 c5 2. Nf3 d6 3. d4 cxd4 4. Qxd4 Nc6 5. Bb5 Bd7 6. Bxc6 bxc6 7. c4 e5 8. Qd3 Nf6 9. Nc3 h6 10. 0-0 Qc7 11. b3 Be7 12. Rd1 Rd8 13. Bb2 0-0 14. Ne2 Be6 15. Ng3 Nd7 16. Qc2 Bg4 17. Ba3 Nc5 18. Bxc5 dxc5 19. Qc3 Bxf3 20. Qxf3 g6 21. Rxd8 Rxd8 22. Rd1 Rd4 23. Qe2 Qd8 24. Rxd4 cxd4 25. Nf1 d3 26. Qf3 Bg5 27. Ne3 Qa5 28. Qd1 Qc3 29. Kf1 Qd4 30. Qf3 Bxe3 31. Qxe3 Qa1+ 32. Qe1 Qxa2 33. Qd1 Qc2 34. Ke1 Qc3+ 35. Kf1 Qd4 36. f3 f5 37. Qd2 fxe4 38. Qxh6 d2 39. Qxg6+ Kf8 40. Qf6+ Ke8 41. Qe6+ Kd8 42. Qf6+ Kd7 43. Qf7+ Kd6 44. Qf6+ Kc5 45. Qe7+ Kb6 46. Qb4+ Ka6 47. Qa3+ Kb7 48. Qe7+ Kc8 49. Qe8+ Kb7 50. Qe7+ Ka6 51. Qa3+ 1/2-1/2